|
|
|
|
| LEADER |
00848nam a2200241 a 4500 |
| 001 |
4474273 |
| 008 |
110519s1997 caua 001 0 eng d |
| 010 |
|
|
|a 96072283
|
| 020 |
|
|
|a 8170298318
|
| 020 |
|
|
|a 0782120415
|
| 040 |
|
|
|a DLC
|c DLC
|d DLC
|d BD-DhAAL
|
| 082 |
0 |
0 |
|a 005.13/3
|2 21
|
| 100 |
1 |
|
|a Holzner, Steven.
|
| 245 |
1 |
0 |
|a Mastering Visual J++ /
|c Steven Holzner.
|
| 260 |
|
|
|a San Francisco :
|b Sybex ;
|a New Delhi :
|b BPB Publications,
|c c1997.
|
| 300 |
|
|
|a xxi, 681 p. :
|b ill. ;
|c 23 cm.
|
| 500 |
|
|
|a Includes index.
|
| 541 |
|
|
|e 00010586
|
| 650 |
|
0 |
|a Java (Computer program language)
|
| 630 |
0 |
0 |
|a Microsoft Visual J++.
|
| 852 |
4 |
|
|a Ayesha Abed Library
|j General shelf
|
| 999 |
|
|
|c 10878
|d 10878
|
| 952 |
|
|
|0 0
|1 0
|2 ddc
|4 0
|6 005_133000000000000_HOL
|7 0
|9 16600
|a BRACUL
|b BRACUL
|c GEN
|d 2011-05-22
|l 0
|o 005.133 HOL
|p 3010010586
|r 2011-05-22
|t 1
|w 2011-05-22
|y BK
|